| 000 | 01582nam a2200313 i 4500 | ||
|---|---|---|---|
| 003 | DO-SdBNP | ||
| 005 | 20230922115353.0 | ||
| 007 | ta | ||
| 008 | 110413s2023 dr d 000 j spa d | ||
| 020 | _a9789945587302 | ||
| 040 |
_aDO-SdBNP _bspa _cBNPHU _erda |
||
| 082 |
_bB742r _222 |
||
| 100 |
_aBosch Carcuro, Matías _d1977- _978616 |
||
| 245 | 1 | 0 |
_aRadiografía del trabajo y los salarios en República Dominicana 2021-2023 : _banálisis y perspectivas para el debate sobre desarrollo, bienestar y justicia social / _cMatías Bosch Carcuro, Francisco A. Tavárez Vásquez, Perla Massiel Rosario Fabián |
| 264 | 1 |
_aSanto Domingo : _bUniversidad Autónoma de Santo Domingo, _bFundación Juan Bosch, _c2023. |
|
| 300 |
_a93 páginas _c28 cm. _bgraficas |
||
| 336 |
_2rdacontent _atexto _btxt |
||
| 337 |
_2rdamedia _asin mediación _bn |
||
| 338 |
_2rdacarrier _avolumen _bnc |
||
| 500 | _aIncluye breve biografía de los autores en la página 4. | ||
| 500 | _aIncluye índice de gráficos y cuadros. | ||
| 504 | _aBibliografía p: 91-93 | ||
| 505 | 2 |
_tPresentación -- _tIntroducción -- _tDefiniciones necesarias -- _tCrecimiento, trabajo y salario -- _tEl empleo en República Dominicana -- _tGanadores y perdedores -- _tPobreza en el éxito -- _tAnálisis de los ajustes salariales en el periodo julio 2021 - febrero 2023 -- _tConclusiones -- _tRecursos bibliográficos / |
|
| 590 | _aInventariado, 2023/ YL | ||
| 700 | 1 | 2 |
_aTavárez Vásquez, Francisco A. _eautor _984163 |
| 700 | 1 | 2 |
_aRosario Fabián, Perla Massiel _eautora _984164 |
| 910 | _aYLockward | ||
| 942 |
_2ddc _cLBS1 |
||
| 999 |
_c54907 _d54907 |
||